Sports Quiz

Random Sports or Football Quiz
Score 0/32 Timer 03:00
2 Plays Today
Coaching Leader Team % Correct
Bill BelichickPatriots
93.7%
Andy ReidEagles
91.5%
Tony DungyColts
89.6%
John MaddenRaiders
87.5%
Don ShulaDolphins
86.2%
Jeff FisherTitans
86.2%
Curly LambeauPackers
86%
Jon GrudenBuccaneers
85.9%
John HarbaughRavens
85.2%
Mike ShanahanBroncos
84.8%
Pete CarrollSeahawks
83.5%
Joe GibbsWashington Football Team
81.7%
Jack Del Rio & Tom CoughlinJaguars
80.3%
Tom LandryCowboys
79.4%
Ron RiveraPanthers
79.3%
Gary KubiakTexans
77.4%
Coaching Leader Team % Correct
Marvin LewisBengals
75.9%
Paul BrownBrowns
74.1%
Chuck NollSteelers
69.9%
Bruce AriansCardinals
68.1%
George HalasBears
64.1%
Mike SmithFalcons
63.7%
Marv LevyBills
63.5%
Sean PaytonSaints
60.6%
George Seifert49ers
56.2%
Hank StramChiefs
52.2%
Wayne FontesLions
45.3%
Bud GrantVikings
44.2%
Weeb EwbankJets
43.6%
John RobinsonRams
38.3%
Sid GillmanChargers
30.5%
Steve OwenGiants
27%
Remove Ads.
Support Sporcle.
Get the best of Sporcle when you Go Orange. This ad-free experience offers more features, more stats, and more fun while also helping to support Sporcle. Thank you for becoming a member.

You're not logged in!

Compare scores with friends on all Sporcle quizzes.
OR
Log In

Sporcle TV

Today on Sporcle TV


Watch our educational content, quiz creation guides, and fun videos on Sporcle TV.

Show Comments

Extras

Top Quizzes Today


Score Distribution

Paid Content

Your Account Isn't Verified!

In order to create a playlist on Sporcle, you need to verify the email address you used during registration. Go to your Sporcle Settings to finish the process.

Report this User

Report this user for behavior that violates our Community Guidelines.

Details: